<?xml version="1.0" encoding="UTF-8"?>
<record
    xmlns:xsi="http://www.w3.org/2001/XMLSchema-instance"
    xsi:schemaLocation="http://www.loc.gov/MARC21/slim http://www.loc.gov/standards/marcxml/schema/MARC21slim.xsd"
    xmlns="http://www.loc.gov/MARC21/slim">

  <leader>02686nam a2200541 i 4500</leader>
  <datafield tag="999" ind1=" " ind2=" ">
    <subfield code="c">22650</subfield>
    <subfield code="d">22650</subfield>
  </datafield>
  <controlfield tag="001">C00606803</controlfield>
  <controlfield tag="003">OSt</controlfield>
  <controlfield tag="005">20221212102451.0</controlfield>
  <controlfield tag="007">ta</controlfield>
  <controlfield tag="008">220424s2021    pe a   g      000 p spa</controlfield>
  <datafield tag="017" ind1=" " ind2=" ">
    <subfield code="a">2021-12879</subfield>
  </datafield>
  <datafield tag="020" ind1=" " ind2=" ">
    <subfield code="a">9786125043054</subfield>
  </datafield>
  <datafield tag="040" ind1=" " ind2=" ">
    <subfield code="a">pelibn </subfield>
    <subfield code="b">spa </subfield>
    <subfield code="e">rda </subfield>
    <subfield code="c">pelibn</subfield>
  </datafield>
  <datafield tag="041" ind1=" " ind2=" ">
    <subfield code="a">spa</subfield>
    <subfield code="a">eng</subfield>
  </datafield>
  <datafield tag="082" ind1="1" ind2="4">
    <subfield code="a">985.012</subfield>
  </datafield>
  <datafield tag="100" ind1="1" ind2=" ">
    <subfield code="a">Wester La Torre, Carlos,</subfield>
    <subfield code="d">1966-,</subfield>
    <subfield code="e">autor.</subfield>
    <subfield code="9">48752</subfield>
  </datafield>
  <datafield tag="245" ind1="1" ind2="0">
    <subfield code="a">&#xD1;ailamp :</subfield>
    <subfield code="b">memoria Lambayeque y materialidad hist&#xF3;rica = Lambayeque memory and historical materiality /</subfield>
    <subfield code="c">Carlos Wester, curador ; Carlos Wester, Federico Kauffmann Doig, Jeffrey Quilter, Joanne Pillsbury, Luis Alfredo Narv&#xE1;ez Vargas, Susan Elizabeth Ram&#xED;rez ; traducciones, Javier Flores, H&#xE9;ctor Zapatero y Fernando Arturo Siles.</subfield>
  </datafield>
  <datafield tag="246" ind1="3" ind2="1">
    <subfield code="i">T&#xED;tulo paralelo :</subfield>
    <subfield code="a">Lambayeque memory and historical materiality</subfield>
  </datafield>
  <datafield tag="264" ind1="3" ind2="1">
    <subfield code="a">Lima :</subfield>
    <subfield code="b">EY,</subfield>
    <subfield code="c">2021.</subfield>
  </datafield>
  <datafield tag="264" ind1="3" ind2="3">
    <subfield code="a">Callao :</subfield>
    <subfield code="b">Comunica-2.</subfield>
  </datafield>
  <datafield tag="300" ind1=" " ind2=" ">
    <subfield code="a">371 p&#xE1;ginas (alguna pelgable) :</subfield>
    <subfield code="b">ilustraciones principalmente en color, mapas, retrato ;</subfield>
    <subfield code="c">29 cm.</subfield>
  </datafield>
  <datafield tag="336" ind1=" " ind2=" ">
    <subfield code="a">Texto </subfield>
    <subfield code="2">rdacontent</subfield>
  </datafield>
  <datafield tag="337" ind1=" " ind2=" ">
    <subfield code="a">sin mediaci&#xF3;n </subfield>
    <subfield code="2">rdamedia</subfield>
  </datafield>
  <datafield tag="338" ind1=" " ind2=" ">
    <subfield code="a">volumen</subfield>
    <subfield code="2">rdacarrier</subfield>
  </datafield>
  <datafield tag="500" ind1=" " ind2=" ">
    <subfield code="a">"Edici&#xF3;n de conmemoraci&#xF3;n del Bicentenario de la Independencia del Per&#xFA;"</subfield>
  </datafield>
  <datafield tag="504" ind1=" " ind2=" ">
    <subfield code="a">Bibliograf&#xED;a: p&#xE1;ginas 357-371.</subfield>
  </datafield>
  <datafield tag="546" ind1=" " ind2=" ">
    <subfield code="a">Texto en espa&#xF1;ol e ingl&#xE9;s.</subfield>
  </datafield>
  <datafield tag="650" ind1="1" ind2="8">
    <subfield code="a">Cultura Lambayeque</subfield>
    <subfield code="9">48753</subfield>
  </datafield>
  <datafield tag="650" ind1="2" ind2="8">
    <subfield code="a">Mitolog&#xED;a ind&#xED;gena</subfield>
    <subfield code="z">-Per&#xFA;</subfield>
    <subfield code="z">-Lambayeque</subfield>
    <subfield code="9">48754</subfield>
  </datafield>
  <datafield tag="650" ind1="2" ind2="8">
    <subfield code="a">Ind&#xED;genas del Per&#xFA;</subfield>
    <subfield code="z">-Lambayeque</subfield>
    <subfield code="x">-Antig&#xFC;edades</subfield>
    <subfield code="9">48755</subfield>
  </datafield>
  <datafield tag="650" ind1="2" ind2="8">
    <subfield code="a">Naylamp (Divinidad mochica)</subfield>
    <subfield code="9">48756</subfield>
  </datafield>
  <datafield tag="650" ind1="2" ind2="8">
    <subfield code="a">Excavaciones (Arqueolog&#xED;a)</subfield>
    <subfield code="z">-Per&#xFA;</subfield>
    <subfield code="z">-Lambayeque</subfield>
    <subfield code="9">48757</subfield>
  </datafield>
  <datafield tag="650" ind1="2" ind2="8">
    <subfield code="a">Leyendas</subfield>
    <subfield code="z">-Per&#xFA;</subfield>
    <subfield code="z">-Lambayeque.</subfield>
    <subfield code="9">48758</subfield>
  </datafield>
  <datafield tag="651" ind1=" " ind2="8">
    <subfield code="a">Lambayeque (Per&#xFA; : Departamento)</subfield>
    <subfield code="x">-Antig&#xFC;edades</subfield>
    <subfield code="9">48759</subfield>
  </datafield>
  <datafield tag="651" ind1=" " ind2="8">
    <subfield code="a">Lambayeque (Per&#xFA; : Departamento)</subfield>
    <subfield code="x">-Mitos y leyendas</subfield>
    <subfield code="9">48760</subfield>
  </datafield>
  <datafield tag="651" ind1=" " ind2="8">
    <subfield code="a">Lambayeque (Per&#xFA; : Departamento)</subfield>
    <subfield code="x">-Historia</subfield>
    <subfield code="y">-&#xC9;poca Prehisp&#xE1;nica</subfield>
    <subfield code="9">48761</subfield>
  </datafield>
  <datafield tag="700" ind1="1" ind2=" ">
    <subfield code="a">Kauffmann Doig, Federico,</subfield>
    <subfield code="d">1928-, </subfield>
    <subfield code="e">autor.</subfield>
    <subfield code="9">48762</subfield>
  </datafield>
  <datafield tag="700" ind1="1" ind2=" ">
    <subfield code="a">Quilter, Jeffrey,</subfield>
    <subfield code="e">autor.</subfield>
    <subfield code="9">48763</subfield>
  </datafield>
  <datafield tag="700" ind1="1" ind2=" ">
    <subfield code="a">Pillsbury, Joanne,</subfield>
    <subfield code="e">autor.</subfield>
    <subfield code="9">48764</subfield>
  </datafield>
  <datafield tag="700" ind1="1" ind2=" ">
    <subfield code="a">Narv&#xE1;ez, Alfredo,</subfield>
    <subfield code="d">1954-,</subfield>
    <subfield code="e">autor.</subfield>
    <subfield code="9">48765</subfield>
  </datafield>
  <datafield tag="700" ind1="1" ind2=" ">
    <subfield code="a">Ram&#xED;rez, Susan E.,</subfield>
    <subfield code="d">1946-,</subfield>
    <subfield code="e">autor.</subfield>
    <subfield code="9">48766</subfield>
  </datafield>
  <datafield tag="700" ind1="1" ind2=" ">
    <subfield code="a">Flores Espinoza, Javier,</subfield>
    <subfield code="d">1962-,</subfield>
    <subfield code="e">traductor.</subfield>
    <subfield code="9">48767</subfield>
  </datafield>
  <datafield tag="700" ind1="1" ind2=" ">
    <subfield code="a">Zapatero Denegri, H&#xE9;ctor,</subfield>
    <subfield code="e">traductor.</subfield>
    <subfield code="9">48768</subfield>
  </datafield>
  <datafield tag="700" ind1="1" ind2=" ">
    <subfield code="a">Siles Quezada, Fernando Arturo,</subfield>
    <subfield code="e">traductor.</subfield>
    <subfield code="9">48769</subfield>
  </datafield>
  <datafield tag="710" ind1="2" ind2=" ">
    <subfield code="a">EY, Ernst &amp; Young Per&#xFA;,</subfield>
    <subfield code="e">entidad editora.</subfield>
    <subfield code="9">48770</subfield>
  </datafield>
  <datafield tag="856" ind1=" " ind2=" ">
    <subfield code="u">https://assets.ey.com/content/dam/ey-sites/ey-com/es_pe/topics/growth/ey-libro-nailamp_v2.pdf?fbclid=IwAR0UZUOf9zQLaxx6nn3ltMrRjsNil5V9VI1tobgdP3UvL6Xqe156AUC6dE0</subfield>
    <subfield code="z">Leer en digital</subfield>
  </datafield>
  <datafield tag="942" ind1=" " ind2=" ">
    <subfield code="2">ddc</subfield>
    <subfield code="c">LIBROS</subfield>
  </datafield>
  <datafield tag="952" ind1=" " ind2=" ">
    <subfield code="0">0</subfield>
    <subfield code="1">0</subfield>
    <subfield code="2">ddc</subfield>
    <subfield code="4">0</subfield>
    <subfield code="7">0</subfield>
    <subfield code="a">SH</subfield>
    <subfield code="b">SH</subfield>
    <subfield code="c">CART</subfield>
    <subfield code="d">2022-12-12</subfield>
    <subfield code="e">Donaci&#xF3;n</subfield>
    <subfield code="g">100.00</subfield>
    <subfield code="o">985.012/W48&#xD1;</subfield>
    <subfield code="p">SH0000016487</subfield>
    <subfield code="r">2022-12-12</subfield>
    <subfield code="w">2022-12-12</subfield>
    <subfield code="y">LIBROS</subfield>
  </datafield>
</record>
